BIBLIOTECA

SENCICO

Diseño sismo resistente de edificios : Técnicas convencionales y avanzadas (Registro nro. 1032)

Detalles MARC
000 -LEADER
fixed length control field 00612nam a2200241Ia 4500
005 - DATE AND TIME OF LATEST TRANSACTION
control field 20251020182457.0
008 - FIXED-LENGTH DATA ELEMENTS--GENERAL INFORMATION
fixed length control field 200515s9999 xx 000 0 und d
020 ## - INTERNATIONAL STANDARD BOOK NUMBER
International Standard Book Number 84-291-2011-4
082 ## - DEWEY DECIMAL CLASSIFICATION NUMBER
Classification number 624.0590/B79
100 ## - MAIN ENTRY--PERSONAL NAME
Personal name Barbat, Alex H.
100 ## - MAIN ENTRY--PERSONAL NAME
Personal name Bozzo, Luis M.
245 #0 - TITLE STATEMENT
Title Diseño sismo resistente de edificios : Técnicas convencionales y avanzadas
260 ## - PUBLICATION, DISTRIBUTION, ETC.
Place of publication, distribution, etc. Barcelona
260 ## - PUBLICATION, DISTRIBUTION, ETC.
Name of publisher, distributor, etc. REVERTÉ
260 ## - PUBLICATION, DISTRIBUTION, ETC.
Date of publication, distribution, etc. 2000
300 ## - PHYSICAL DESCRIPTION
Extent 380 p.
300 ## - PHYSICAL DESCRIPTION
Other physical details il., tbl., graf.
500 ## - GENERAL NOTE
General note 1 ejemplar
650 ## - SUBJECT ADDED ENTRY--TOPICAL TERM
Topical term or geographic name entry element DISEÑOSISMORESISTENTE
650 ## - SUBJECT ADDED ENTRY--TOPICAL TERM
Topical term or geographic name entry element EDIFICIOS
942 ## - ADDED ENTRY ELEMENTS (KOHA)
Koha item type Libros
Existencias
Fecha de la última vez que lo usaron Pago total Signatura topográfica completa Código de barras Precio efectivo desde Tipo de documento Estado perdido Estado dañado No es para préstamo Retirado Ubicación permanente Ubicación actual Fecha de adquisición
15/05/2020   624.0590/B79 Bib-Lima15051032 15/05/2020 Libros         Biblioteca Central Lima Biblioteca Central Lima 15/05/2020